| 000 | 00370nam a22001457a 4500 | ||
|---|---|---|---|
| 003 | OSt | ||
| 005 | 20160727222446.0 | ||
| 008 | 160704b xxu||||| |||| 00| 0 eng d | ||
| 040 | _cTEST | ||
| 100 |
_91942 _a Salaman, M.K |
||
| 245 | _aFoods that Heal Companion Cook Book | ||
| 260 |
_aCan _b M.K.S.Inc. |
||
| 300 | _aFoods that Heal Companion Cook Book | ||
| 942 |
_2ddc _cBK |
||
| 999 |
_c1643 _d1643 |
||